000 00600nam a22001937a 4500
003 KOHA_MİRAKIL
005 20251202073304.0
008 251202b tu ||||| |||| 00| 0 tur d
020 _a9786258352801
040 _aTR-AnABB
_btur
_cTR-AnABB
041 _atur
082 _a370.9561015
_bALI 2023
100 1 _aAli b. Hüseyin el-Amasî,
245 1 0 _aOsmanlı eğitim-öğretim tarihinin kaynaklarından Tariku'l-Edep /
_cAli b. Hüseyin el-Amasî
260 _aAnkara :
_bTürkiye Bilimler Akademisi,
_c2023
300 _a442 sayfa ;
_c24 cm
650 0 4 _aEğitim
942 _2ddc
_cBK
999 _c9692
_d9692
900 _bGizem YORULMAZ